000 00675nam a2200229 i 4500
001 bgj
245 0 0 _aCulture /
_ced. by Carol Cargill.
260 _aLincolnwood, Ill. :
_bNational Textbook,
_ccop. 1987.
300 _aIX, 120 pp ;
_c23 cm.
490 1 _aA TESOL professional anthology
504 _aBibliogr.
650 9 _aEnglish language
_xStudy and teaching
_xForeign speakers
650 9 _aLanguages and culture
700 1 _aCARGILL, Carol.
_eeditor
830 _aA TESOL professional anthology
020 _a0832503479 (pbk)
040 _cBPK
041 0 _aeng
920 _a0-8325-0347-9 (pbk)
942 _cKS
008 s uk f |000 0 eng
999 _c41258
_d41258
856 _uhttp://koha.tu.koszalin.pl/cgi-bin/koha/opac-detail.pl?biblionumber=41258
_yKatalog online BPK